000 00478nam a22001817a 4500
003 MPLRDC
005 20220104143939.0
008 210129b ||||| |||| 00| 0 eng d
082 _a868.71 ZXS v.10 c.2
100 _a中学生丛书编委会编辑
245 _a走狗传奇
_c
250 _a第一版
260 _a
_b马来西亚华校董事联合
_c1991
300 _b
490 _a中学生丛书之十
650 _a马华文学
942 _cBK
_o868.71 ZXS v.10 c.2
999 _c44914
_d44904